Podnikové internetové aplikácie

Na minha lista:
Detalhes bibliográficos
Autor principal: Kollár, Igor
Autor Corporativo: Univerzita Mateja Bela v Banskej Bystrici. Ekonomická fakulta
Outros Autores: Laco, Peter
Formato: Livro
Idioma:eslovaco
inglês
Publicado em: Banská Bystrica BELIANUM 2017
Edição:1. vyd.
Assuntos:
Tags: Adicionar Tag
Sem tags, seja o primeiro a adicionar uma tag!

MARC

LEADER 00000nam a2200000 4500
001 0239913
005 20240417114935.6
020 |a 978-80-557-1183-6 
041 0 |a slo 
041 0 |a eng 
044 |a SK 
245 1 0 |a Podnikové internetové aplikácie  |c Igor Kollár, Peter Laco 
250 |a 1. vyd. 
264 1 |a Banská Bystrica  |b BELIANUM  |c 2017 
300 |a 98 s. 
610 2 0 |a podnik 
610 2 0 |a internet 
610 2 0 |a vývoj 
610 2 0 |a služby elektronické 
610 2 0 |a pošta elektronická 
610 2 0 |a informácie 
610 2 0 |a prezentácia firemná 
610 2 0 |a stránky webové 
610 2 0 |a hypertexty 
100 1 |a Kollár, Igor 
700 1 |a Laco, Peter 
710 2 |a Univerzita Mateja Bela v Banskej Bystrici. Ekonomická fakulta